000 00744nam a2200253Ia 4500
003 OSt
005 20220926024445.0
006 a|||||r|||| 00| 0
007 ta
008 220923b |||||||| |||| 00| 0 eng d
037 _cGeneral Book
040 _aRTL
_cRTL
_beng
041 _2eng
_aeng
082 _aY9(X:8), P1
100 _aGellner David N
_914377
245 0 _aInside organizations
_b Anthropologists at work
260 _aOxford
_bBerg
_c2001
300 _axi, 271p
_ccm.
500 _aBibliography chapterwise
650 _aSociology of Organisational
_9330758
700 _a Hirsch Eric Ed.
_994172
942 _hY9(X:8), P1
_cGB
_2CC
999 _c644303
_d644303